A Directory for the Navigation of the Pacific Ocean, with Descriptions of its Coasts, Islands, etc. : (Record no. 3315)

000 -LEADER
fixed length control field 02201nam a22003378i 4500
006 - FIXED-LENGTH DATA ELEMENTS--ADDITIONAL MATERIAL CHARACTERISTICS--GENERAL INFORMATION
fixed length control field m|||||o||d||||||||
007 - PHYSICAL DESCRIPTION FIXED FIELD--GENERAL INFORMATION
fixed length control field cr||||||||||||
008 - FIXED-LENGTH DATA ELEMENTS--GENERAL INFORMATION
fixed length control field 120823s1851||||enk o ||1 0|eng|d
020 ## - INTERNATIONAL STANDARD BOOK NUMBER
International Standard Book Number 9781139583114 (ebook)
040 ## - CATALOGING SOURCE
Original cataloging agency IMU Kochi Library
Language of cataloging eng
041 0# - LANGUAGE CODE
Language code of text/sound track or separate title eng
100 1# - MAIN ENTRY--PERSONAL NAME
Personal name Findlay, A. G.,
245 12 - TITLE STATEMENT
Title A Directory for the Navigation of the Pacific Ocean, with Descriptions of its Coasts, Islands, etc. :
Sub Title From the Strait of Magalhaens to the Arctic Sea, and Those of Asia and Australia.
Number of part/section of a work Volume 2 /
300 ## - PHYSICAL DESCRIPTION
Extent 1 online resource (776 pages) :
Other physical details digital, PDF file(s).
490 1# - SERIES STATEMENT
Series statement Cambridge library collection. Maritime Exploration
500 ## - GENERAL NOTE
General note Title from publisher's bibliographic system (viewed on 05 Oct 2015).
520 ## - SUMMARY, ETC.
Summary, etc The English geographer and hydrographer Alexander George Findlay (1812-75) had observed that navigators of his time had to consult a considerable number of documents to gather the information they needed to sail the Pacific Ocean safely. Not only was this highly impractical, it also exposed seafarers to conflicting information that could lead to their demise. First published in 1851, this two-volume nautical directory, compiled by Findlay from reputable sources, provided seamen with a single comprehensive and authoritative reference work. This second volume focuses on navigating the islands and archipelagos of the Pacific and also contains detailed information on the winds, currents, tides and other physical phenomena of the Pacific, as well as general sailing directions. An invaluable resource for navigators of the nineteenth century, this work remains of great interest to geographers and scholars of nautical history.
830 #0 - SERIES ADDED ENTRY--UNIFORM TITLE
Uniform title Cambridge library collection.
Name of part/section of a work Maritime Exploration.
852 ## - LOCATION/CALL NUMBER
Location IMU Kochi Library
856 40 - ELECTRONIC LOCATION AND ACCESS
Uniform Resource Identifier <a href="https://doi.org/10.1017/CBO9781139583114">https://doi.org/10.1017/CBO9781139583114</a>
904 ## - LOCAL DATA ELEMENT D, LDD (RLIN)
CATALOGER Rudra Ranjan
905 ## - LOCAL DATA ELEMENT E, LDE (RLIN)
VERIFIER Rudra Ranjan
942 ## - ADDED ENTRY ELEMENTS (KOHA)
Item type E-Book
264 #1 -
-- Place of publication not identified :
-- publisher not identified,
-- 1851.
264 #1 -
-- Cambridge :
-- Cambridge University Press
338 ## -
-- online resource

No items available.



Copyright © All Rights Reserved by Indian Maritime University, Kochi Campus.
For any Suggestions/Query Contact to library or Email: library.kochi@imu.ac.in Ph:(0484)-2989402
(Web OPAC Designed by Rudra Ranjan. Maintained by IMU Kochi Library)

Powered by Koha